[Event "FIDE Open World Blitz 2021"]
[Site "Warsaw"]
[Date "2021.12.30"]
[Round "14.3"]
[White "Kozak, Adam"]
[Black "Sychev, Klementy"]
[Result "0-1"]
[WhiteElo "2532"]
[BlackElo "2615"]
[Annotator "ChessBase"]
[PlyCount "46"]
[EventDate "2021.12.29"]
[EventType "swiss"]
[EventCountry "POL"]
[Tiebreak "Cut1 Buchholz"]
[SourceTitle "playchess.com"]
[Source "ChessBase"]
[SourceQuality "1"]

1. e4 c5 2. Nf3 e6 3. d4 cxd4 4. Nxd4 Nf6 5. Nc3 Nc6 6. Nxc6 bxc6 7. e5 Nd5 8.
Ne4 Qc7 9. f4 Qb6 10. c4 Bb4+ 11. Ke2 f5 12. Nf2 Ne7 13. Kf3 g5 14. fxg5 Ng6
15. Nd3 Qd4 16. Be2 Nxe5+ 17. Nxe5 Qxe5 18. Bd3 Bb7 19. Qe2 Qd4 20. Be3 Qh4 21.
g3 c5+ 22. Kf2 Qh3 23. a3 Qg2# 0-1

[Event "FIDE Open World Blitz 2021"]
[Site "Warsaw"]
[Date "2021.12.30"]
[Round "14.4"]
[White "Giri, Anish"]
[Black "Vachier-Lagrave, Maxime"]
[Result "1/2-1/2"]
[WhiteElo "2774"]
[BlackElo "2766"]
[Annotator "ChessBase"]
[PlyCount "43"]
[EventDate "2021.12.29"]
[EventType "swiss"]
[EventCountry "POL"]
[Tiebreak "Cut1 Buchholz"]
[SourceTitle "playchess.com"]
[Source "ChessBase"]
[SourceQuality "1"]

1. Nf3 c5 2. c4 Nf6 3. Nc3 Nc6 4. e3 e5 5. Be2 d5 6. d4 exd4 7. exd4 cxd4 8.
Nxd4 dxc4 9. Nxc6 Qxd1+ 10. Nxd1 bxc6 11. Bxc4 Nd5 12. O-O Be7 13. Bd2 O-O 14.
Nc3 Be6 15. Rac1 Nxc3 16. Rxc3 Bb4 17. Rc2 Bxc4 18. Bxb4 Bxf1 19. Bxf8 Bxg2 20.
Kxg2 Kxf8 21. Rxc6 a5 22. a4 1/2-1/2

[Event "FIDE Open World Blitz 2021"]
[Site "Warsaw"]
[Date "2021.12.30"]
[Round "14.4"]
[White "Klekowski, Maciej"]
[Black "Alonso Rosell, Alvar"]
[Result "1-0"]
[WhiteElo "2499"]
[BlackElo "2580"]
[Annotator "ChessBase"]
[PlyCount "167"]
[EventDate "2021.12.29"]
[EventType "swiss"]
[EventCountry "POL"]
[Tiebreak "Cut1 Buchholz"]
[SourceTitle "playchess.com"]
[Source "ChessBase"]
[SourceQuality "1"]

1. c4 f5 2. Nc3 Nf6 3. g3 e5 4. Bg2 Be7 5. d4 d6 6. b3 O-O 7. Bb2 c6 8. dxe5
dxe5 9. Qxd8 Bxd8 10. Nf3 Re8 11. O-O Na6 12. Rad1 Bc7 13. Ba3 Bd7 14. Bd6 e4
15. Ng5 Ba5 16. Na4 Rad8 17. h4 Bc8 18. a3 b5 19. b4 Bc7 20. Bxc7 Nxc7 21. Nb2
bxc4 22. Nxc4 Ba6 23. Rxd8 Rxd8 24. Rc1 Nfd5 25. e3 Bb5 26. Ne5 Ne7 27. Bf1 h6
28. Nh3 Rd5 29. Bxb5 Nxb5 30. Nxc6 Nxc6 31. Rxc6 Nxa3 32. Nf4 Rb5 33. Rc8+ Kf7
34. Rc7+ Kg8 35. Rxa7 Nc2 36. Ne6 g6 37. Rg7+ Kh8 38. Rxg6 Rxb4 39. Rxh6+ Kg8
40. Rh5 Rb1+ 41. Kh2 Kf7 42. Nd4 Nxd4 43. exd4 Kg6 44. Rh8 Rb2 45. Kg1 Rb1+ 46.
Kg2 Rb2 47. Re8 Rd2 48. Re6+ Kf7 49. Re5 Kf6 50. Kf1 Rxd4 51. Ra5 Rb4 52. Ra2
Rb3 53. Kg2 Rb1 54. f3 e3 55. Re2 f4 56. gxf4 Rb3 57. Kg3 Kf5 58. Rc2 Rb5 59.
Rc4 Rb8 60. Rc5+ Kf6 61. Re5 Rg8+ 62. Kh3 Rg1 63. Rxe3 Kf5 64. Re4 Rh1+ 65. Kg3
Rg1+ 66. Kh2 Ra1 67. Rb4 Ra2+ 68. Kg3 Ra1 69. Rb5+ Kf6 70. f5 Ra4 71. Rc5 Rb4
72. Ra5 Rc4 73. f4 Rc1 74. Kg4 Rf1 75. Ra6+ Kf7 76. f6 Rb1 77. Kg5 Rb5+ 78. f5
Kf8 79. Ra8+ Kf7 80. Ra7+ Kf8 81. Kg6 Rb8 82. Rh7 Kg8 83. f7+ Kf8 84. Rh8+ 1-0

[Event "FIDE Open World Blitz 2021"]
[Site "Warsaw"]
[Date "2021.12.30"]
[Round "14.5"]
[White "Artemiev, Vladislav"]
[Black "Kravtsiv, Martyn"]
[Result "1/2-1/2"]
[WhiteElo "2699"]
[BlackElo "2616"]
[Annotator "ChessBase"]
[PlyCount "105"]
[EventDate "2021.12.29"]
[EventType "swiss"]
[EventCountry "POL"]
[Tiebreak "Cut1 Buchholz"]
[SourceTitle "playchess.com"]
[Source "ChessBase"]
[SourceQuality "1"]

1. Nf3 d5 2. g3 Nf6 3. Bg2 c5 4. O-O Nc6 5. d4 cxd4 6. Nxd4 e5 7. Nxc6 bxc6 8.
c4 Be6 9. Bg5 Qd7 10. Qa4 Rc8 11. Bxf6 gxf6 12. e3 Be7 13. cxd5 cxd5 14. Qxd7+
Kxd7 15. Nc3 e4 16. Rfd1 Kc6 17. Bf1 Rhd8 18. Ba6 Rb8 19. Rac1 Kb6 20. Be2 Rbc8
21. Rxd5 Bxd5 22. Nxd5+ Kb7 23. Rxc8 Rxd5 24. Rh8 Rd2 25. Rxh7 Kc6 26. Bc4 Rxb2
27. Rxf7 Kd6 28. h4 Rb4 29. Bb3 a5 30. Rg7 a4 31. Bg8 a3 32. h5 Rb8 33. h6 Bf8
34. Rf7 Bxh6 35. Rxf6+ Kc5 36. Rxh6 Rxg8 37. Ra6 Kb4 38. Rb6+ Ka5 39. Rd6 Rc8
40. Rd2 Rb8 41. Kf1 Rb2 42. Ke1 Kb4 43. g4 Kc3 44. Rd8 Rxa2 45. Rc8+ Kd3 46.
Rd8+ Kc3 47. Ra8 Ra1+ 48. Ke2 a2 49. g5 Kb3 50. Rb8+ Kc3 51. Ra8 Kb2 52. Rb8+
Kc3 53. Ra8 1/2-1/2

[Event "FIDE Open World Blitz 2021"]
[Site "Warsaw"]
[Date "2021.12.30"]
[Round "14.5"]
[White "Gabuzyan, Hovhannes"]
[Black "Costachi, Mihnea"]
[Result "1-0"]
[WhiteElo "2580"]
[BlackElo "2463"]
[Annotator "ChessBase"]
[PlyCount "115"]
[EventDate "2021.12.29"]
[EventType "swiss"]
[EventCountry "POL"]
[Tiebreak "Cut1 Buchholz"]
[SourceTitle "playchess.com"]
[Source "ChessBase"]
[SourceQuality "1"]

1. Nf3 Nf6 2. g3 g6 3. Bg2 Bg7 4. O-O O-O 5. c4 d6 6. Nc3 Nc6 7. Rb1 a5 8. a3
e5 9. d3 Re8 10. Bg5 h6 11. Bxf6 Bxf6 12. b4 axb4 13. axb4 Bg7 14. b5 Ne7 15.
Qb3 Be6 16. Rfd1 d5 17. Nd2 c6 18. Qb4 Qa5 19. Qxa5 Rxa5 20. bxc6 bxc6 21. cxd5
cxd5 22. Nb3 Ra3 23. Nb5 Ra2 24. Nc7 Rc8 25. Nxe6 fxe6 26. e3 Rcc2 27. Nc1 Rab2
28. Rxb2 Rxb2 29. Bf1 Nc6 30. Ne2 Nb4 31. h4 Kf7 32. Nc3 e4 33. d4 Rb3 34. Na4
e5 35. dxe5 Bxe5 36. Nb6 Ke6 37. Bh3+ Kf6 38. Nd7+ Ke7 39. Nxe5 g5 40. h5 Rb2
41. Bf1 Kf6 42. Ng4+ Kg7 43. Rc1 Nc2 44. Be2 d4 45. exd4 Nxd4 46. Bd1 Rd2 47.
Kf1 Rb2 48. Rc7+ Kf8 49. Rd7 Rd2 50. Ba4 Rd3 51. Nxh6 Rf3 52. Rxd4 e3 53. Ng4
exf2 54. h6 Rxg3 55. Nxf2 Kg8 56. Ng4 Kh7 57. Bc2+ Kg8 58. h7+ 1-0

[Event "FIDE Open World Blitz 2021"]
[Site "Warsaw"]
[Date "2021.12.30"]
[Round "14.6"]
[White "Nepomniachtchi, Ian"]
[Black "Grischuk, Alexander"]
[Result "1-0"]
[WhiteElo "2782"]
[BlackElo "2773"]
[Annotator "ChessBase"]
[PlyCount "69"]
[EventDate "2021.12.29"]
[EventType "swiss"]
[EventCountry "POL"]
[Tiebreak "Cut1 Buchholz"]
[SourceTitle "playchess.com"]
[Source "ChessBase"]
[SourceQuality "1"]

1. e4 e5 2. Nf3 Nc6 3. Bb5 Nf6 4. O-O Nxe4 5. Re1 Nd6 6. Nxe5 Be7 7. Bf1 Nxe5
8. Rxe5 O-O 9. Nc3 Ne8 10. Nd5 Bd6 11. Re1 c6 12. Ne3 Be7 13. c4 Nc7 14. d4 d5
15. cxd5 Bb4 16. Bd2 Bxd2 17. Qxd2 Nxd5 18. Nxd5 Qxd5 19. Re5 Qd6 20. Bc4 Bd7
21. Rae1 b5 22. Bb3 a5 23. a3 a4 24. Ba2 Rae8 25. Qf4 Rxe5 26. Rxe5 Be6 27.
Bxe6 fxe6 28. Qe4 Re8 29. Rc5 Rd8 30. Rxc6 Qxd4 31. Qxe6+ Kh8 32. g3 h6 33. Rc8
Rxc8 34. Qxc8+ Kh7 35. Qf5+ 1-0

[Event "FIDE Open World Blitz 2021"]
[Site "Warsaw"]
[Date "2021.12.30"]
[Round "14.6"]
[White "Teclaf, Pawel"]
[Black "Volokitin, Andrei"]
[Result "0-1"]
[WhiteElo "2543"]
[BlackElo "2656"]
[Annotator "ChessBase"]
[PlyCount "90"]
[EventDate "2021.12.29"]
[EventType "swiss"]
[EventCountry "POL"]
[Tiebreak "Cut1 Buchholz"]
[SourceTitle "playchess.com"]
[Source "ChessBase"]
[SourceQuality "1"]

1. e4 c5 2. Nf3 e6 3. d4 cxd4 4. Nxd4 Nc6 5. Nc3 Qc7 6. Ndb5 Qb8 7. Be3 a6 8.
Bb6 axb5 9. Nxb5 Bb4+ 10. c3 Ba5 11. Nd6+ Kf8 12. Bc5 b6 13. Be3 b5 14. Bxb5
Nge7 15. a4 h5 16. O-O Bb6 17. h3 Bxe3 18. fxe3 Ne5 19. Qd4 N7g6 20. Rxf7+ Nxf7
21. Rf1 Kg8 22. Rxf7 Rh7 23. b4 Qc7 24. a5 Qd8 25. e5 Qg5 26. Qe4 Rb8 27. Bd3
Rh6 28. Qf3 Qxe5 29. Rf8+ Kh7 30. Rh8+ Kxh8 31. Nf7+ Kg8 32. Nxe5 Nxe5 33. Qf4
d6 34. Qd4 Nf7 35. a6 Bxa6 36. Bxa6 Rf6 37. Bc4 d5 38. Bd3 Ra8 39. b5 Ra1+ 40.
Kh2 Ra2 41. Qh4 Rff2 42. Qg3 h4 43. Qg6 Kf8 44. b6 Ne5 45. Kg1 Nxg6 0-1

[Event "FIDE Open World Blitz 2021"]
[Site "Warsaw"]
[Date "2021.12.30"]
[Round "14.7"]
[White "Maghsoodloo, Parham"]
[Black "Sarana, Alexey"]
[Result "1-0"]
[WhiteElo "2706"]
[BlackElo "2656"]
[Annotator "ChessBase"]
[PlyCount "67"]
[EventDate "2021.12.29"]
[EventType "swiss"]
[EventCountry "POL"]
[Tiebreak "Cut1 Buchholz"]
[SourceTitle "playchess.com"]
[Source "ChessBase"]
[SourceQuality "1"]

1. d4 Nf6 2. Nf3 g6 3. c4 Bg7 4. Nc3 d5 5. h3 O-O 6. cxd5 Nxd5 7. e4 Nxc3 8.
bxc3 c5 9. Be2 Nc6 10. Be3 cxd4 11. cxd4 Qa5+ 12. Bd2 Qa3 13. d5 Ne5 14. Nxe5
Bxe5 15. O-O Bxa1 16. Qxa1 Bd7 17. Rb1 b6 18. Bb4 Qa4 19. Bd1 Qa6 20. Bxe7 Rfe8
21. Bg5 b5 22. e5 Bf5 23. Rc1 Rac8 24. Rxc8 Qxc8 25. Bb3 b4 26. Bd2 Qc5 27. Qe1
a5 28. e6 fxe6 29. dxe6 Qd4 30. Be3 Qe5 31. e7+ Kh8 32. Qd2 Qa1+ 33. Kh2 Qe5+
34. f4 1-0

[Event "FIDE Open World Blitz 2021"]
[Site "Warsaw"]
[Date "2021.12.30"]
[Round "14.7"]
[White "Dvirnyy, Danyyil"]
[Black "Peng, Li Min"]
[Result "1-0"]
[WhiteElo "2493"]
[BlackElo "2412"]
[Annotator "ChessBase"]
[PlyCount "91"]
[EventDate "2021.12.29"]
[EventType "swiss"]
[EventCountry "POL"]
[Tiebreak "Cut1 Buchholz"]
[SourceTitle "playchess.com"]
[Source "ChessBase"]
[SourceQuality "1"]

1. Nf3 d5 2. g3 Nf6 3. Bg2 g6 4. b3 c5 5. Bb2 Bg7 6. O-O Nc6 7. Ne5 Nxe5 8.
Bxe5 O-O 9. e3 Bg4 10. Qc1 Qd7 11. Qb2 Bh3 12. d3 Bxg2 13. Kxg2 Qc6 14. Nd2 d4+
15. Kg1 Nh5 16. Bxg7 Nxg7 17. Rae1 e5 18. e4 b5 19. f4 f6 20. Rf2 Ne6 21. f5
Ng7 22. fxg6 hxg6 23. Ref1 Rf7 24. Qc1 Raf8 25. Nf3 Qe6 26. Qh6 Qg4 27. Nh4 Qg5
28. Qxg5 fxg5 29. Nxg6 Rxf2 30. Rxf2 Re8 31. Rf6 c4 32. bxc4 bxc4 33. dxc4 Rb8
34. Nxe5 Rb2 35. c5 Rxc2 36. c6 a5 37. Rd6 Rc5 38. Rd5 Rc1+ 39. Kf2 Ne6 40. Rd6
Nc5 41. Rxd4 Ne6 42. Rc4 Ra1 43. c7 Rxa2+ 44. Kf3 Nxc7 45. Rxc7 a4 46. Ra7 1-0

[Event "FIDE Open World Blitz 2021"]
[Site "Warsaw"]
[Date "2021.12.30"]
[Round "14.8"]
[White "Karjakin, Sergey"]
[Black "Mamedyarov, Shakhriyar"]
[Result "0-1"]
[WhiteElo "2743"]
[BlackElo "2765"]
[Annotator "ChessBase"]
[PlyCount "128"]
[EventDate "2021.12.29"]
[EventType "swiss"]
[EventCountry "POL"]
[Tiebreak "Cut1 Buchholz"]
[SourceTitle "playchess.com"]
[Source "ChessBase"]
[SourceQuality "1"]

1. e4 e5 2. Nf3 Nc6 3. Nc3 Nf6 4. d4 exd4 5. Nxd4 Bb4 6. Nxc6 bxc6 7. Bd3 d5 8.
Bd2 O-O 9. O-O a5 10. Re1 Re8 11. a3 Bg4 12. Qc1 Bxc3 13. Bxc3 dxe4 14. Bxf6
Qxf6 15. Bxe4 Re6 16. Bd3 Rxe1+ 17. Qxe1 Qxb2 18. Rb1 Qa2 19. h3 Be6 20. Ra1
Qb2 21. Rb1 Qa2 22. Ra1 Qd5 23. Qc3 c5 24. Re1 Qd4 25. Qxd4 cxd4 26. Re5 g6 27.
f4 Kf8 28. g4 Ke7 29. Re4 f5 30. gxf5 gxf5 31. Re5 Kd6 32. Kf2 c5 33. Bxf5 Bxf5
34. Rxf5 Re8 35. Rg5 Re4 36. f5 c4 37. f6 Rf4+ 38. Ke2 Rxf6 39. Rxa5 Re6+ 40.
Kd2 Re3 41. Rh5 Rxa3 42. Rxh7 Rg3 43. Rh8 Rg2+ 44. Kc1 Kc5 45. Rb8 Rh2 46. Kb1
Rxh3 47. Kb2 Rh2 48. Rc8+ Kd5 49. Rd8+ Ke4 50. Re8+ Kf3 51. Kc1 c3 52. Rf8+ Ke4
53. Re8+ Kd5 54. Rd8+ Kc5 55. Rc8+ Kd6 56. Rd8+ Kc5 57. Rc8+ Kb5 58. Kb1 Kb4
59. Rb8+ Kc5 60. Rc8+ Kd5 61. Rd8+ Ke4 62. Re8+ Kf4 63. Re7 Rh1+ 64. Ka2 d3 0-1

[Event "FIDE Open World Blitz 2021"]
[Site "Warsaw"]
[Date "2021.12.30"]
[Round "14.8"]
[White "Kovalev, Vladislav"]
[Black "Mitrabha, Guha"]
[Result "1-0"]
[WhiteElo "2634"]
[BlackElo "2370"]
[Annotator "ChessBase"]
[PlyCount "103"]
[EventDate "2021.12.29"]
[EventType "swiss"]
[EventCountry "POL"]
[Tiebreak "Cut1 Buchholz"]
[SourceTitle "playchess.com"]
[Source "ChessBase"]
[SourceQuality "1"]

1. e4 c6 2. Nf3 d5 3. d3 Qc7 4. g3 e5 5. Bg2 Nf6 6. Nbd2 Bg4 7. h3 Bh5 8. O-O
Nbd7 9. Qe1 dxe4 10. dxe4 Bc5 11. Nb3 Bb6 12. a4 a5 13. Nfd2 Nc5 14. Nc4 Nxb3
15. cxb3 Bd4 16. Bd2 b6 17. Bc3 Rd8 18. Bxd4 Rxd4 19. f4 exf4 20. e5 Nd5 21.
Nd6+ Kf8 22. Bxd5 Rxd5 23. gxf4 Qe7 24. Rc1 c5 25. Rc3 g6 26. Ne4 Rd4 27. Nf6
Qe6 28. Qg3 Qf5 29. Rc4 Rd2 30. Rc3 Be2 31. Rf2 Rd1+ 32. Kh2 Ba6 33. Qg4 Qb1
34. Qf3 Kg7 35. f5 Rhd8 36. fxg6 R8d2 37. Nh5+ Kh6 38. Qf4+ Kxh5 39. Rxd2 Rh1+
40. Kg3 Qe1+ 41. Rf2 Rf1 42. Kh2 Rh1+ 43. Kg3 Rg1+ 44. Kh2 Bb7 45. Qf5+ Kh6 46.
Qf4+ Rg5 47. Rf1 Qe2+ 48. Rf2 Qd1 49. Rf1 Qd5 50. Rcf3 fxg6 51. h4 Kg7 52. Qf8#
1-0

[Event "FIDE Open World Blitz 2021"]
[Site "Warsaw"]
[Date "2021.12.30"]
[Round "14.9"]
[White "Van Foreest, Jorden"]
[Black "Fedoseev, Vladimir"]
[Result "0-1"]
[WhiteElo "2566"]
[BlackElo "2704"]
[Annotator "ChessBase"]
[PlyCount "94"]
[EventDate "2021.12.29"]
[EventType "swiss"]
[EventCountry "POL"]
[Tiebreak "Cut1 Buchholz"]
[SourceTitle "playchess.com"]
[Source "ChessBase"]
[SourceQuality "1"]

1. e4 Nc6 2. Nf3 e5 3. d4 exd4 4. Nxd4 Bc5 5. Nxc6 bxc6 6. Bd3 Qh4 7. Qe2 Nf6
8. Be3 Bb6 9. Nd2 O-O 10. Nf3 Qh5 11. O-O-O Re8 12. e5 Ng4 13. Bxb6 axb6 14.
Rhe1 d6 15. h3 Qh6+ 16. Kb1 Nxe5 17. Nxe5 Rxe5 18. Qf3 Be6 19. b3 Bd5 20. Qg3
Rae8 21. Rxe5 Rxe5 22. f4 Re8 23. Qf2 Qf6 24. Qd2 g6 25. g4 Qh4 26. f5 Qxh3 27.
f6 Qh4 28. Qf4 Re6 29. Rf1 Re1+ 30. Kb2 Rxf1 31. Bxf1 Qe1 32. Ka3 Qe5 33. Qxe5
dxe5 34. g5 h6 35. Kb2 hxg5 36. a4 c5 37. Kc1 Kf8 38. Kd2 Ke8 39. Bb5+ Kd8 40.
Ke3 c6 41. Be2 Kc7 42. Bd3 Kd6 43. c4 Be6 44. Be4 Bf5 45. Bf3 Bc2 46. Be2 Bxb3
47. Bd3 Bxa4 0-1

[Event "FIDE Open World Blitz 2021"]
[Site "Warsaw"]
[Date "2021.12.30"]
[Round "14.9"]
[White "Petrovskyi, Vadym"]
[Black "Postny, Evgeny"]
[Result "1-0"]
[WhiteElo "2377"]
[BlackElo "2557"]
[Annotator "ChessBase"]
[PlyCount "73"]
[EventDate "2021.12.29"]
[EventType "swiss"]
[EventCountry "POL"]
[Tiebreak "Cut1 Buchholz"]
[SourceTitle "playchess.com"]
[Source "ChessBase"]
[SourceQuality "1"]

1. e4 e5 2. Nf3 Nc6 3. d4 exd4 4. Bc4 Nf6 5. e5 d5 6. Bb5 Nd7 7. O-O Be7 8. Re1
O-O 9. Bxc6 bxc6 10. Nxd4 Nb8 11. Qf3 c5 12. Nf5 Bxf5 13. Qxf5 Qd7 14. Qf3 c6
15. Nc3 Na6 16. a3 Nc7 17. Bf4 Ne6 18. Rad1 Nd4 19. Qd3 Qf5 20. Qxf5 Nxf5 21.
Ne2 g6 22. a4 c4 23. g4 Nh4 24. Nd4 Bc5 25. Re3 f5 26. Bg5 f4 27. Rh3 Bxd4 28.
Rxd4 Rab8 29. Bxh4 Rxb2 30. Rf3 Rxc2 31. e6 Re2 32. e7 Re8 33. Rdxf4 Kg7 34.
Rf7+ Kh6 35. Bf6 g5 36. Rg7 Re1+ 37. Kg2 1-0

[Event "FIDE Open World Blitz 2021"]
[Site "Warsaw"]
[Date "2021.12.30"]
[Round "14.10"]
[White "Alekseenko, Kirill"]
[Black "Sanal, Vahap"]
[Result "1-0"]
[WhiteElo "2710"]
[BlackElo "2590"]
[Annotator "ChessBase"]
[PlyCount "183"]
[EventDate "2021.12.29"]
[EventType "swiss"]
[EventCountry "POL"]
[Tiebreak "Cut1 Buchholz"]
[SourceTitle "playchess.com"]
[Source "ChessBase"]
[SourceQuality "1"]

1. e4 e5 2. Nf3 Nc6 3. Bb5 a6 4. Ba4 Nf6 5. O-O Be7 6. Bxc6 dxc6 7. d3 Nd7 8.
b3 f6 9. Bb2 Nc5 10. Nbd2 Ne6 11. a4 a5 12. Nc4 c5 13. Kh1 O-O 14. Ng1 c6 15.
Ne2 b5 16. Ne3 Nf4 17. g3 Ne6 18. f4 Nd4 19. f5 Ba6 20. g4 Rb8 21. Bc3 c4 22.
bxc4 bxc4 23. Nxc4 Bxc4 24. dxc4 c5 25. Qd2 Qc7 26. Bxa5 Qc6 27. Nxd4 cxd4 28.
Qd3 Ra8 29. Bd2 Rfc8 30. a5 Qxc4 31. Qxc4+ Rxc4 32. Ra2 Ra6 33. Rb1 Rc8 34. Kg2
Bd8 35. Rb5 Kf8 36. Kf3 Ke8 37. Ke2 Kd7 38. Kd3 Kc6 39. Rab2 Rca8 40. Rb7 Bxa5
41. Rxg7 Bxd2 42. Kxd2 Ra1 43. Rf7 Rg1 44. Rxf6+ Kc5 45. Rbb6 Rg2+ 46. Kc1 d3
47. Rbc6+ Kb5 48. Rb6+ Kc5 49. Rfc6+ Kd4 50. Rd6+ Kxe4 51. Rb4+ Kf3 52. Rxd3+
Kf2 53. Rd2+ Kg1 54. Rxg2+ Kxg2 55. Re4 Kf3 56. Rxe5 Kxg4 57. Kd2 Kf4 58. Rb5
Rg8 59. Kd3 Rg2 60. f6 Rf2 61. Rh5 h6 62. Rxh6 Kg5 63. Rh3 Kxf6 64. c4 Ke5 65.
Rh5+ Kd6 66. Ke3 Rc2 67. Kd4 Rd2+ 68. Kc3 Rg2 69. Rd5+ Kc6 70. h4 Rg1 71. h5
Rh1 72. Rg5 Kd6 73. Kd4 Rh4+ 74. Kc3 Kc6 75. Kb4 Kc7 76. Rg7+ Kc8 77. Rg5 Kc7
78. Kc5 Rh1 79. Rg7+ Kc8 80. Rg5 Kc7 81. Kd5 Rd1+ 82. Ke6 Re1+ 83. Re5 Rf1 84.
Rc5+ Kd8 85. Rf5 Re1+ 86. Kf7 Rh1 87. Rd5+ Kc7 88. Kg6 Rg1+ 89. Rg5 Rh1 90. h6
Kd6 91. h7 Ke7 92. Kg7 1-0

[Event "FIDE Open World Blitz 2021"]
[Site "Warsaw"]
[Date "2021.12.30"]
[Round "14.10"]
[White "Ghaem Maghami, Ehsan"]
[Black "Holm, Kristian Stuvik"]
[Result "1-0"]
[WhiteElo "2520"]
[BlackElo "2471"]
[Annotator "ChessBase"]
[PlyCount "71"]
[EventDate "2021.12.29"]
[EventType "swiss"]
[EventCountry "POL"]
[Tiebreak "Cut1 Buchholz"]
[SourceTitle "playchess.com"]
[Source "ChessBase"]
[SourceQuality "1"]

1. c4 e6 2. Nf3 d5 3. d4 Nf6 4. g3 dxc4 5. Bg2 c5 6. O-O Nc6 7. Na3 cxd4 8.
Nxc4 Be7 9. a3 a5 10. Bf4 O-O 11. Nce5 Bd7 12. Rc1 Nd5 13. Nxd4 Nxd4 14. Qxd4
Bb5 15. Bxd5 Qxd5 16. Qxd5 exd5 17. Rfe1 Rac8 18. Rcd1 Rfd8 19. Rd2 h5 20. Nf3
Bf6 21. Be5 Bxe5 22. Nxe5 d4 23. Nf3 d3 24. e3 Rc2 25. Red1 Rdc8 26. Nd4 Rxd2
27. Rxd2 Rc1+ 28. Kg2 Ba6 29. a4 b6 30. f3 g6 31. Kf2 Rh1 32. Kg2 Rc1 33. b3
Kf8 34. e4 Ke7 35. Kf2 Kd6 36. Ke3 1-0

[Event "FIDE Open World Blitz 2021"]
[Site "Warsaw"]
[Date "2021.12.30"]
[Round "14.11"]
[White "Sindarov, Javokhir"]
[Black "Cheparinov, Ivan"]
[Result "1-0"]
[WhiteElo "2587"]
[BlackElo "2594"]
[Annotator "ChessBase"]
[PlyCount "91"]
[EventDate "2021.12.29"]
[EventType "swiss"]
[EventCountry "POL"]
[Tiebreak "Cut1 Buchholz"]
[SourceTitle "playchess.com"]
[Source "ChessBase"]
[SourceQuality "1"]

1. e4 e5 2. Nf3 Nc6 3. Bc4 Nf6 4. Ng5 d5 5. exd5 Na5 6. Bb5+ c6 7. dxc6 bxc6 8.
Bd3 Nd5 9. Nf3 Bd6 10. O-O Nf4 11. Re1 Nxd3 12. cxd3 O-O 13. Nc3 c5 14. b3 Nc6
15. Ba3 Bg4 16. h3 Bxf3 17. Qxf3 Nd4 18. Qd1 f5 19. Rc1 Qg5 20. Kh1 Rf6 21. Nd5
Rg6 22. Rg1 Qh4 23. Bxc5 Bxc5 24. Rxc5 Re8 25. Qc1 Nf3 26. Rc8 Rd8 27. Rxd8+
Qxd8 28. gxf3 Rxg1+ 29. Kxg1 Qxd5 30. Qc4 Qf7 31. Qc8+ Qf8 32. Qe6+ Qf7 33.
Qxe5 Qd7 34. d4 h6 35. d5 Kh7 36. Qe6 Qc7 37. Qxf5+ Kh8 38. Kg2 Qc5 39. Qe5 a5
40. d4 Qc2 41. d6 Qg6+ 42. Kh2 Qf7 43. Kg3 Qg6+ 44. Kf4 Qf7+ 45. Ke3 a4 46. Qe7
1-0

[Event "FIDE Open World Blitz 2021"]
[Site "Warsaw"]
[Date "2021.12.30"]
[Round "14.11"]
[White "Theodorou, Nikolas"]
[Black "Efimenko, Zahar"]
[Result "1-0"]
[WhiteElo "2351"]
[BlackElo "2601"]
[Annotator "ChessBase"]
[PlyCount "98"]
[EventDate "2021.12.29"]
[EventType "swiss"]
[EventCountry "POL"]
[Tiebreak "Cut1 Buchholz"]
[SourceTitle "playchess.com"]
[Source "ChessBase"]
[SourceQuality "1"]

1. d4 d6 2. Nf3 g6 3. Nbd2 Bg7 4. e4 Nf6 5. Bd3 O-O 6. O-O Nc6 7. Re1 e5 8.
dxe5 Nxe5 9. Nxe5 dxe5 10. Nf3 Nh5 11. Bg5 Qd6 12. Bc4 Qb4 13. Bb3 h6 14. a3
Qc5 15. Be3 Qe7 16. h3 Be6 17. Qd3 Rfd8 18. Qc3 c6 19. Bxe6 Qxe6 20. Rad1 b6
21. a4 Nf4 22. Qb3 Qxb3 23. cxb3 Ne6 24. b4 f5 25. Bd2 Nd4 26. Nxd4 Rxd4 27.
Bc3 Rxd1 28. Rxd1 fxe4 29. Rd7 a6 30. Rd6 b5 31. a5 Rc8 32. Rxg6 Kf7 33. Rg4
Bf6 34. Rxe4 c5 35. bxc5 Rxc5 36. f4 Ke6 37. Bxe5 Rc1+ 38. Kh2 Kf5 39. Re2 Bxe5
40. Rxe5+ Kf6 41. Re2 Rc4 42. Kg3 Ra4 43. Kg4 Rxa5 44. Rc2 Ra4 45. Rc6+ Kg7 46.
Kf5 Rc4 47. Rxc4 bxc4 48. Ke4 Kf6 49. g4 a5 1-0

[Event "FIDE Open World Blitz 2021"]
[Site "Warsaw"]
[Date "2021.12.30"]
[Round "14.12"]
[White "Firouzja, Alireza"]
[Black "Moroni, Luca Jr"]
[Result "1-0"]
[WhiteElo "2770"]
[BlackElo "2580"]
[Annotator "TA"]
[PlyCount "63"]
[EventDate "2021.12.29"]
[EventType "swiss"]
[EventCountry "POL"]
[Tiebreak "Cut1 Buchholz"]
[SourceTitle "playchess.com"]
[Source "ChessBase"]
[SourceQuality "1"]

1. e4 g6 2. d4 Bg7 3. Nc3 a6 4. f4 d5 5. e5 h5 6. Be2 Nc6 7. h3 Bf5 8. Nf3 Nb4
9. Bd3 Bxd3 10. cxd3 e6 11. O-O Nh6 12. Qb3 Bf8 13. Bd2 Nc6 14. Ne2 Rb8 15. g3
Nf5 16. Rac1 Be7 17. Kg2 Kf8 18. Rh1 Kg7 19. g4 Nh6 20. Kg3 Qd7 21. Rcg1 h4+
22. Kf2 Na7 23. Be3 Rhc8 24. Rc1 Qb5 25. Qc2 b6 26. f5 exf5 27. Bxh6+ Kxh6 28.
gxf5 gxf5 29. Qd2+ Kh7 30. Ng5+ Bxg5 31. Qxg5 Qxd3 32. Rhg1 1-0

[Event "FIDE Open World Blitz 2021"]
[Site "Warsaw"]
[Date "2021.12.30"]
[Round "14.12"]
[White "Kolosowski, Mateusz"]
[Black "Christiansen, Johan-Sebastian"]
[Result "0-1"]
[WhiteElo "2444"]
[BlackElo "2593"]
[Annotator "ChessBase"]
[PlyCount "146"]
[EventDate "2021.12.29"]
[EventType "swiss"]
[EventCountry "POL"]
[Tiebreak "Cut1 Buchholz"]
[SourceTitle "playchess.com"]
[Source "ChessBase"]
[SourceQuality "1"]

1. e4 e5 2. Nf3 Nc6 3. Bb5 f5 4. Nc3 fxe4 5. Nxe4 d5 6. Nxe5 dxe4 7. Nxc6 Qd5
8. c4 Qd6 9. Nxa7+ Bd7 10. Bxd7+ Qxd7 11. Nb5 Nf6 12. O-O c6 13. Nc3 Bc5 14. d3
exd3 15. Re1+ Kf7 16. Be3 Bxe3 17. Rxe3 Rad8 18. Qd2 Rhe8 19. Rd1 Qd4 20. Rxe8
Rxe8 21. h3 Rd8 22. b3 h6 23. Na4 Ne4 24. Qf4+ Kg8 25. c5 d2 26. Qe3 Qxe3 27.
fxe3 Rd3 28. Kf1 Rxe3 29. Nb2 Rc3 30. Nc4 Rc2 31. Ke2 Rxa2 32. Ke3 Nxc5 33.
Nxd2 b5 34. Rc1 Rxd2 35. Rxc5 Rxg2 36. Rxc6 Rg3+ 37. Kf4 Rxb3 38. h4 Kh7 39.
Rb6 b4 40. Kg4 Rb1 41. h5 b3 42. Kg3 Rg1+ 43. Kh3 Rh1+ 44. Kg4 Rg1+ 45. Kh3 Rb1
46. Kg2 Kg8 47. Rb7 Kf8 48. Kh2 b2 49. Kg2 Ke8 50. Kh2 Kd8 51. Kg2 Kc8 52. Rb3
Kd7 53. Rb8 Ke6 54. Rb6+ Kf5 55. Rb5+ Kg4 56. Kh2 Rc1 57. Rxb2 Kxh5 58. Kg3
Rc3+ 59. Kg2 g5 60. Rb6 g4 61. Ra6 Kg5 62. Ra5+ Kh4 63. Ra2 h5 64. Rd2 Rf3 65.
Ra2 Kg5 66. Ra5+ Rf5 67. Ra8 h4 68. Rg8+ Kf4 69. Rh8 h3+ 70. Kh2 Kf3 71. Rb8
g3+ 72. Kg1 h2+ 73. Kh1 g2+ 0-1

[Event "FIDE Open World Blitz 2021"]
[Site "Warsaw"]
[Date "2021.12.30"]
[Round "14.13"]
[White "Durarbayli, Vasif"]
[Black "Duda, Jan-Krzysztof"]
[Result "0-1"]
[WhiteElo "2599"]
[BlackElo "2756"]
[Annotator "TA"]
[PlyCount "60"]
[EventDate "2021.12.29"]
[EventType "swiss"]
[EventCountry "POL"]
[Tiebreak "Cut1 Buchholz"]
[SourceTitle "playchess.com"]
[Source "ChessBase"]
[SourceQuality "1"]

1. e4 e5 2. Nc3 Nf6 3. Bc4 Nc6 4. d3 Na5 5. Nge2 Nxc4 6. dxc4 Bc5 7. O-O d6 8.
Qd3 O-O 9. Ng3 Be6 10. b3 Nd7 11. Be3 a6 12. a4 Qh4 13. Nf5 Bxf5 14. exf5 Bxe3
15. Qxe3 Nf6 16. h3 Rfe8 17. Rae1 h6 18. g4 Rad8 19. Kg2 c6 20. Qg3 Qxg3+ 21.
Kxg3 d5 22. cxd5 cxd5 23. f3 Rc8 24. Na2 Rxc2 25. Rf2 Rc7 26. Nb4 Rc3 27. Rb1
Ne4+ 28. Kg2 Nxf2 29. Kxf2 Rd8 30. Rb2 e4 0-1